Cash for Glasgow flood defences (Record no. 79415)
[ view plain ]
| 000 -LEADER | |
|---|---|
| fixed length control field | 01714cad a22002175a 4500 |
| 001 - CONTROL NUMBER | |
| control field | E141033 |
| 008 - FIXED-LENGTH DATA ELEMENTS--GENERAL INFORMATION | |
| fixed length control field | 071025e20071010stk f s000 0 eng d |
| 035 ## - SYSTEM CONTROL NUMBER | |
| System control number | (Sirsi) u141033 |
| 041 0# - LANGUAGE CODE | |
| Language code of text/sound track or separate title | eng |
| 110 1# - MAIN ENTRY--CORPORATE NAME | |
| Corporate name or jurisdiction name as entry element | Scotland |
| Subordinate unit | Scottish Government |
| 9 (RLIN) | 5344 |
| 245 00 - TITLE STATEMENT | |
| Title | Cash for Glasgow flood defences |
| 260 ## - PUBLICATION, DISTRIBUTION, ETC. | |
| Date of publication, distribution, etc. | 2007 |
| 490 #0 - SERIES STATEMENT | |
| Series statement | Scottish Government News Release |
| Volume/sequential designation | 10 October 2007 |
| 520 ## - SUMMARY, ETC. | |
| Summary, etc. | Announces that Glasgow City Council is to benefit from Scottish Government funding of £18 million over four years towards the construction of the White Cart flood prevention scheme. Michael Russell, Minister for Environment, further states that instalment of the grant to meet the construction of storage reservoirs at Blackhouse, Kirkland Bridge and Kittoch Bridge in the upper catchment of the White Cart and other works to be carried out in advance of the planned construction of defences within the city. The White Cart Flood Prevention Scheme was confirmed, under the Flood Prevention (Scotland) Act 1961, by Scottish Ministers in May 2006. Construction of confirmed schemes meeting required technical, environmental and economic criteria attracts 80 per cent grant funding from the Scottish Government. The Scottish Government has made £42 million of grant funding available in 2007/08 to local authorities to support confirmed flood prevention and approved coast protection schemes. |
| 590 ## - LOCAL NOTE (RLIN) | |
| Local note | KA |
| 650 24 - SUBJECT ADDED ENTRY--TOPICAL TERM | |
| Topical term or geographic name entry element | FLOOD PREVENTION (SCOTLAND) ACT 1961 |
| 651 #4 - SUBJECT ADDED ENTRY--GEOGRAPHIC NAME | |
| Geographic name | Scotland |
| Chronological subdivision | 1999- |
| 690 ## - LOCAL SUBJECT ADDED ENTRY--TOPICAL TERM (OCLC, RLIN) | |
| Topical term or geographic name as entry element | ENVIRONMENTAL AND LAND CONSULTANCY-WATER RESOURCE MANAGEMENT-FLOODING |
| 856 41 - ELECTRONIC LOCATION AND ACCESS | |
| Uniform Resource Identifier | <a href="https://www.scotland.gov.uk/News/Releases/2007/10/10104510">https://www.scotland.gov.uk/News/Releases/2007/10/10104510</a> |
| Public note | View the item free of charge at www.scotland.gov.uk... |
| 942 ## - ADDED ENTRY ELEMENTS (KOHA) | |
| Suppress in OPAC | 0 |
| Withdrawn status | Lost status | Source of classification or shelving scheme | Damaged status | Not for loan | Home library | Current library | Shelving location | Date acquired | Total Checkouts | Full call number | Barcode | Date last seen | Copy number | Price effective from | Koha item type |
|---|---|---|---|---|---|---|---|---|---|---|---|---|---|---|---|
| Dewey Decimal Classification | Virtual | Virtual | Online | 25/10/2007 | ONLINE PUBLICATION | 141033-2001 | 06/08/2019 | 1 | 06/08/2019 | Journal article |